000 00627nam a2200229Ia 4500
003 OSt
005 20220928140106.0
006 a|||||r|||| 00| 0
007 ta
008 220927b |||||||| |||| 00| 0 eng d
024 _a6500
037 _cTextual
040 _aSDCL
_cSDCL
_beng
041 _2eng
_aeng
082 _aJ:93:(S:34), N4
100 _aMckersie Bryan D
_9493870
245 0 _aStress and stress coping in cultivated plants
260 _c1994
700 _a Leshem Ya'Acov, Y
_9493871
942 _hJ:93:(S:34), N4
_cTEXL
_2CC
999 _c809731
_d809731